| 000 | 00576nam a2200193 u 4500 | ||
|---|---|---|---|
| 005 | 20221021063449.0 | ||
| 008 | 100810s2007 es r 000 0 spa d | ||
| 020 | _a8496620131 (10 dígitos) | ||
| 020 | _a9788496620131 (13 dígitos) | ||
| 035 | _aUPN01000177263 | ||
| 049 | _aCG | ||
| 050 | 4 |
_aBJ1435 _bB4.2 |
|
| 100 | 1 |
_aBernad Mainar, Juan Antonio _934990 |
|
| 245 | 1 | 3 |
_aEl aprendizaje de la tolerancia : _bbases psicológicas / _cJuan Antonio Bernad. |
| 260 |
_aMadrid : _bHergué : _bICE, _c2007. |
||
| 300 | _a267 p. | ||
| 650 | 2 |
_aTolerancia _91399 |
|
| 905 | _aLibro | ||
| 999 |
_c149366 _d149366 |
||